00482nam a2200181Ia 4500008004100000020001800041050001400059100002100073245002300094245004600117245005100163260001500214260001600229260000900245300001400254300002200268300001000290180207s9999 xx 000 0 und d a9780590478818 bK845 1993 aKorman, Justineq aKrystal Princess : bthe krystal princesses shake up the day / cby Justine Korman ; illustrated by Jill Dubin. aNew York : bScholastic, c1993 aunpaged : bchiefly colored ; c20cm.